Filosofía general: metafísica
Gardado en:
| Autor Principal: | |
|---|---|
| Formato: | Libro |
| Idioma: | Lingua castelá |
| Publicado: |
Buenos Aires
Alfa
1962
|
| Subjects: | |
| Tags: |
Engadir etiqueta
Sen Etiquetas, Sexa o primeiro en etiquetar este rexistro!
|
MARC
| LEADER | 00000nam a2200000 a 4500 | ||
|---|---|---|---|
| 001 | UCZ1849 | ||
| 003 | CL-VaPUC | ||
| 008 | 950914e19620000AG |||||||||||||||||spa|d | ||
| 082 | 0 | 4 | |a 110 |b CUV |2 21 |
| 100 | |a Cuvillier, A |e author |9 519153 | ||
| 245 | 1 | 0 | |a Filosofía general: metafísica |
| 300 | |a 246 p | ||
| 942 | |c BK | ||
| 945 | |d 19950914 00:00:00 |a rbrito | ||
| 260 | |a Buenos Aires |b Alfa |c 1962 | ||
| 650 | 0 | |a Filosofía |9 223554 | |
| 650 | 0 | |a Metafísica |9 265649 | |
| 650 | 7 | |a CONOCIMIENTO |2 CL-VaPUC |9 308991 | |
| 650 | 0 | |a Tiempo |9 267892 | |
| 650 | 0 | |a Espacio |9 336785 | |
| 650 | 0 | |a Ontología |9 256850 | |
| 583 | |a last modification |c 19950914 00:00:00 |k Rodrigo Vera | ||
| 999 | |c 238531 |d 238529 | ||
| 952 | |0 0 |1 0 |4 0 |6 110_000000000000000_CUV_1962 |7 0 |8 P |9 248777 |a BIBEDU |b BIBEDU |c BIBEDU_PB |d 2019-11-18 |i 313282K |o 110 CUV 1962 |p 313282K |r 2024-01-25 |w 2019-11-18 |y BK |k FIL | ||